000
00217nam a22001097a 4500
041
_a
eng
080
_a
80
100
_a
Brien Alistair etc.
245
_a
Schauplatz. Students Book.
650
_a
German
999
_c
281068
_d
281068
942
_c
BK